| 000 | 00981cam a2200325ui 4500 | ||
|---|---|---|---|
| 999 |
_c200429023 _d46947 |
||
| 001 | 200429023 | ||
| 003 | TR-AnTOB | ||
| 005 | 20241011110726.0 | ||
| 007 | ta | ||
| 008 | 150428m20162014tu g j tur d | ||
| 020 | _a9786055108373 | ||
| 040 |
_aTR-AnTOB _beng _erda _cTR-AnTOB _dTR-AnTOB |
||
| 041 | 0 | _atur | |
| 050 | 0 |
_aPL248.T678 _bA57 2016 |
|
| 090 |
_aPL248.T678 _bA57 2016 |
||
| 100 | 1 |
_aTosun, Necip, _d1960- _9106281 |
|
| 245 | 1 |
_aAnsızın hayat / _cNecip Tosun. |
|
| 250 |
_aİkinci Basım _bEkim 2016 |
||
| 264 |
_aAnkara : _bHece Yayınları, _c2016. |
||
| 300 |
_a123 pages ; _c22 cm. |
||
| 336 |
_atext _2rdacontent |
||
| 337 |
_aunmediated _2rediamedia |
||
| 338 |
_avolume _2rdacarrier |
||
| 490 | 0 |
_aHece Yayınları ; _v311 _xÖykü |
|
| 650 | 0 |
_aTurkish literature _97783 |
|
| 650 | 0 |
_aTürk edebiyatı _986354 |
|
| 856 |
_uhttp://hece.com.tr/kategori/_Oyku/Ansizin_Hayat.html _3Publisher web page |
||
| 942 |
_cBK _2lcc |
||